UM Logo

MIS Three J Motel/ (Record no. 7240)

MARC details
000 -LEADER
fixed length control field 00768nam a22001937a 4500
008 - FIXED-LENGTH DATA ELEMENTS--GENERAL INFORMATION
fixed length control field 170811b xxu||||| |||| 00| 0 eng d
082 ## - DEWEY DECIMAL CLASSIFICATION NUMBER
Edition number 2016
Classification number UT 0833
Item number M46
100 ## - MAIN ENTRY--PERSONAL NAME
9 (RLIN) 21925
Personal name Medina, Jean Eden Mae B,
245 ## - TITLE STATEMENT
Title MIS Three J Motel/
Statement of responsibility, etc. Jean Eden Mae B. Medina, Jennie Rose S. Sardido, Mary Grace Bravo, Jovelyn M. Teofilo, Shenna C. Berba and Ivy Mae L. Abao.
260 ## - PUBLICATION, DISTRIBUTION, ETC. (IMPRINT)
Place of publication, distribution, etc. Digos City:
Name of publisher, distributor, etc. UMDC
Date of publication, distribution, etc. October 2016.
300 ## - PHYSICAL DESCRIPTION
Extent 55 pages;
Dimensions 30 cm.
650 #0 - SUBJECT ADDED ENTRY--TOPICAL TERM
9 (RLIN) 21926
Topical term or geographic name as entry element Business Administration
Form subdivision Financial Management
General subdivision Undergraduate thesis.
700 ## - ADDED ENTRY--PERSONAL NAME
9 (RLIN) 21927
Personal name Sardido, Jennie Rose S.
700 ## - ADDED ENTRY--PERSONAL NAME
9 (RLIN) 21928
Personal name Bravo, Mary Grace.
700 ## - ADDED ENTRY--PERSONAL NAME
9 (RLIN) 21929
Personal name Teofilo, Jovelyn M.
700 ## - ADDED ENTRY--PERSONAL NAME
9 (RLIN) 21930
Personal name Berba, Sheena C.
700 ## - ADDED ENTRY--PERSONAL NAME
9 (RLIN) 21931
Personal name Abao, Ivy Mae L.
942 ## - ADDED ENTRY ELEMENTS (KOHA)
Source of classification or shelving scheme Dewey Decimal Classification
Koha item type Undergraduate Thesis
Holdings
Withdrawn status Lost status Source of classification or shelving scheme Damaged status Not for loan Collection code Home library Current library Date acquired Total Checkouts Full call number Barcode Date last seen Copy number Price effective from Koha item type
    Dewey Decimal Classification     Undergraduate Theses UM Digos College - LIC UM Digos College - LIC 04/24/2017   UT 0833 M46 UT0833 08/11/2017 1 08/11/2017 Undergraduate Thesis